[Event "POL-chT3"]
[Site "Jastrzebia Gora POL"]
[Date "2015.??.??"]
[Round "2.78"]
[White "Sliwicka, Alicja"]
[Black "Debowiak, Arleta"]
[Result "1-0"]
[WhiteElo "2003"]
[BlackElo "1854"]
[EventDate "2015.??.??"]
[WhiteTitle "WFM"]
[BlackTitle "k"]

1.e4 c5 2.Nf3 d6 3.d4 cxd4 4.Nxd4 Nf6 5.Nc3 a6 6.Be2 e5 7.Nb3 Be7 8.Bg5 
Be6 9.Bxf6 Bxf6 10.Nd5 Nd7 11.a4 O-O 12.O-O Rc8 13.c3 Bg5 14.a5 Bxd5 15.
Qxd5 Nf6 16.Qd3 d5 17.exd5 e4 18.Qg3 Qxd5 19.Nd4 Nd7 20.f4 Be7 21.Rfd1 Nf6
22.b4 Ne8 23.Bg4 Rc4 24.Nf5 Qe6 25.Ne3 f5 26.Nxc4 Qxc4 27.Rd4 Qc7 28.Bd1 
Nd6 29.Bb3+ Kh8 30.Rd5 Nb5 31.c4 Bf6 32.Rc1 Nd4 33.Qe3 Qxf4 34.Qxf4 Ne2+ 
35.Kf1 Nxf4 36.Rd7 Rb8 37.Bc2 Ne6 38.g4 g6 39.gxf5 gxf5 40.Rf7 Bg5 41.Rd1 
Rf8 42.Rxf8+ Nxf8 43.Rd5 Kg7 44.Rxf5 Bd2 45.Bxe4 Bxb4 46.Bxb7 Ne6 47.Bxa6 
Nd4 48.Rd5 Ne6 49.Rb5 Ba3 50.Bc8 Nd4 51.Rb7+ Kg6 52.a6 1-0

[Event "POL-chT3"]
[Site "Jastrzebia Gora POL"]
[Date "2015.??.??"]
[Round "2.79"]
[White "Marszalek, Maciej"]
[Black "Myc, Marcin"]
[Result "1/2-1/2"]
[WhiteElo "2330"]
[BlackElo "2315"]
[EventDate "2015.??.??"]
[WhiteTitle "m"]
[BlackTitle "m"]

1.d4 c5 2.d5 g6 3.e4 Bg7 4.Nf3 d6 5.Be2 Nf6 6.Nc3 O-O 7.O-O e6 8.h3 exd5 
9.exd5 Na6 10.Bg5 h6 11.Bf4 Nc7 12.a4 b6 13.Nh2 Bb7 14.Bf3 a6 15.Ng4 h5 
16.Nxf6+ Qxf6 17.Bg3 Qd8 18.Ne4 Ne8 19.c3 f5 20.Nd2 f4 21.Bh2 b5 22.Qc2 
Qg5 23.Be4 Nf6 24.Nf3 Qh6 25.axb5 Nxe4 26.Qxe4 Rae8 27.Qd3 axb5 28.Rfe1 c4
29.Qd2 g5 30.h4 g4 31.Rxe8 Rxe8 32.Bxf4 Qf6 33.Ng5 Qg6 34.Rd1 Bf6 1/2-1/2

[Event "POL-chT3"]
[Site "Jastrzebia Gora POL"]
[Date "2015.??.??"]
[Round "2.80"]
[White "Lukasik, Adam"]
[Black "Weissbein, Thomas"]
[Result "0-1"]
[WhiteElo "2003"]
[BlackElo "2260"]
[EventDate "2015.??.??"]
[WhiteTitle "I"]
[BlackTitle "k+"]

1.Nf3 d6 2.d4 g6 3.c4 Nf6 4.Nc3 Bg7 5.g3 O-O 6.Bg2 Nbd7 7.O-O e5 8.e4 exd4
9.Nxd4 Re8 10.h3 a6 11.Re1 Rb8 12.b3 c5 13.Nc2 b5 14.cxb5 axb5 15.Qxd6 Rb6
16.Qd1 b4 17.Na4 Rbe6 18.Bb2 Qe7 19.Ne3 Bb7 20.e5 Nxe5 21.Bxe5 Rxe5 22.Qc2
Nd5 23.Bxd5 Bxd5 24.Rac1 Qf6 25.Nxd5 Rxe1+ 26.Kh2 Qf3 0-1

[Event "POL-chT3"]
[Site "Jastrzebia Gora POL"]
[Date "2015.??.??"]
[Round "2.81"]
[White "Szewczyk, Grzegorz"]
[Black "Kurpiewski, Slawomir"]
[Result "1-0"]
[WhiteElo "1989"]
[BlackElo "2020"]
[EventDate "2015.??.??"]
[WhiteTitle "I++"]
[BlackTitle "k"]

1.d4 Nf6 2.c4 e6 3.Nc3 Bb4 4.Qc2 c5 5.dxc5 Na6 6.Nf3 Nxc5 7.g3 Nfe4 8.Bg2 
f5 9.O-O Bxc3 10.bxc3 b6 11.Be3 Ba6 12.Rad1 Rc8 13.Ne5 Qc7 14.Nd3 Bxc4 15.
Nxc5 Nxc5 16.Rd4 d5 17.Rh4 O-O 18.g4 Qe7 19.Rh3 Ne4 20.gxf5 exf5 21.Bd4 
Rf7 22.Re3 Qa3 23.f3 Nc5 24.Ra1 Qa4 25.Qd2 Re8 26.Bh3 g6 27.Kh1 Qd7 28.Rg1
Nb7 29.Rxe8+ Qxe8 30.Qh6 Qe6 31.e3 Nd8 32.Rg5 Qe7 33.Rxg6+ 1-0

[Event "POL-chT3"]
[Site "Jastrzebia Gora POL"]
[Date "2015.??.??"]
[Round "2.82"]
[White "Czapla, Andrzej"]
[Black "Olesiak, Marcin"]
[Result "1/2-1/2"]
[WhiteElo "1930"]
[BlackElo "1971"]
[EventDate "2015.??.??"]
[WhiteTitle "I"]
[BlackTitle "I+"]

1.Nf3 d5 2.c4 e6 3.d4 Nf6 4.Nc3 Be7 5.Bg5 O-O 6.e3 Nbd7 7.cxd5 exd5 8.Bd3 
b6 9.O-O Bb7 10.Qc2 c5 11.Ne5 h6 12.Nxd7 Qxd7 13.Bf5 Qc6 14.Bh4 Rfe8 15.
Rfd1 Rad8 16.Rac1 c4 17.Qa4 Qxa4 18.Nxa4 Bc6 19.Bc2 Ne4 20.Bxe7 Rxe7 21.
Nc3 Nd6 22.a4 a6 23.b4 Bb7 24.Re1 Rde8 25.Re2 f5 26.Rce1 g5 27.f3 Kf7 28.
Kf2 Kf6 29.h3 h5 30.g3 Kg7 31.Rh1 Rh8 32.Kg2 Rhe8 33.Rhe1 Kf6 34.Kf2 b5 
35.a5 Rh8 36.h4 gxh4 37.gxh4 Rg8 38.Rg1 Reg7 39.Rxg7 Rxg7 40.Re1 Bc6 41.
Rg1 Rxg1 42.Kxg1 Nb7 43.Kf2 Nd8 44.Kg3 Ne6 45.Ne2 Bb7 46.Kf2 Bc6 47.Ng3 
Ng7 48.Ne2 Ne6 49.f4 Be8 50.Nc3 Nc7 51.Bd1 Bf7 52.Bf3 Ke6 53.Ne2 Ne8 54.
Nc3 1/2-1/2

[Event "POL-chT3"]
[Site "Jastrzebia Gora POL"]
[Date "2015.??.??"]
[Round "2.83"]
[White "Popiol, Michal"]
[Black "Szczygiel, Konrad"]
[Result "1/2-1/2"]
[WhiteElo "1931"]
[BlackElo "1815"]
[EventDate "2015.??.??"]
[WhiteTitle "II+"]
[BlackTitle "I"]

1.d4 Nf6 2.c4 e6 3.Nf3 b6 4.g3 Bb7 5.Bg2 Be7 6.O-O O-O 7.Nc3 d5 8.Ne5 Nbd7
9.Bf4 Ne4 10.cxd5 exd5 11.Nxe4 dxe4 12.Qc2 Nxe5 13.dxe5 Qc8 14.Bxe4 Bxe4 
15.Qxe4 Qe6 16.Bd2 f6 17.Rac1 Bd6 18.Bc3 fxe5 19.b3 Rae8 20.Kg2 Rf5 21.Bb2
Qg6 22.f3 Ref8 23.g4 R5f6 24.Qxg6 Rxg6 25.Rc4 Rf4 26.e4 Rf7 27.Rd1 Rgf6 
28.Rd3 h6 29.a3 a5 30.Rcc3 Kh7 31.Rd5 Kg8 32.Rdd3 Re6 33.b4 axb4 34.axb4 
Rf8 35.b5 Ra8 36.Rd2 Ree8 37.Kg3 Re6 38.h4 Kf7 39.Rcd3 Ra7 40.Rd5 Ra8 
1/2-1/2

[Event "POL-chT3"]
[Site "Jastrzebia Gora POL"]
[Date "2015.??.??"]
[Round "2.84"]
[White "Waszczuk, Patrycja"]
[Black "Wesolowska, Hanna"]
[Result "1/2-1/2"]
[WhiteElo "1926"]
[BlackElo "1994"]
[EventDate "2015.??.??"]
[WhiteTitle "I++"]
[BlackTitle "WFM"]

1.e4 e5 2.Nf3 Nf6 3.Nxe5 d6 4.Nf3 Nxe4 5.Nc3 Nf6 6.d4 Bg4 7.Be3 Be7 8.h3 
Bh5 9.Qd2 Bxf3 10.gxf3 d5 11.Rg1 Kf8 12.O-O-O h6 13.Bd3 Qd7 14.Ne2 Nc6 15.
Ng3 Nb4 16.a3 Nxd3+ 17.Qxd3 Ne8 18.Nf5 Bg5 19.h4 Bf6 20.Bf4 h5 21.Be5 g6 
22.Ne3 Rg8 23.Bxf6 Nxf6 24.Rg3 Re8 25.Rdg1 c6 26.Kb1 Qd6 27.Rh3 Ke7 28.c3 
Kd8 29.Ka2 Re7 30.b4 Rge8 31.Kb3 Nd7 32.Rhg3 Nb6 33.a4 Qf6 34.Rh1 Nc4 35.
Nxc4 dxc4+ 36.Qxc4 Re2 37.d5 Qf5 38.Rc1 cxd5 39.Qc5 Qd3 40.Rg5 Qc4+ 41.
Qxc4 dxc4+ 42.Kxc4 Rxf2 43.Rd1+ Ke7 44.Re5+ Kf8 45.Rxe8+ Kxe8 46.Rd3 Rh2 
47.Rd4 1/2-1/2

[Event "POL-chT3"]
[Site "Jastrzebia Gora POL"]
[Date "2015.??.??"]
[Round "2.85"]
[White "Suliborski, Jakub"]
[Black "Steczek, Marcin"]
[Result "1/2-1/2"]
[WhiteElo "2071"]
[BlackElo "2353"]
[EventDate "2015.??.??"]
[WhiteTitle "I++"]
[BlackTitle "FM"]

1.d4 Nf6 2.Nf3 e6 3.Bg5 h6 4.Bxf6 Qxf6 5.e4 d6 6.Nbd2 Nd7 7.Nc4 Qe7 8.Ne3 
g6 9.Bd3 Bg7 10.c3 a6 11.O-O b6 12.Nd2 Bb7 13.f4 e5 14.dxe5 dxe5 15.f5 Nc5
16.Bc2 O-O-O 17.Nd5 Qe8 18.Nc4 Kb8 19.b4 Nd7 20.fxg6 fxg6 21.Nxc7 Kxc7 22.
Nd6 Qe7 23.Nxb7 Rdf8 24.Na5 bxa5 25.Qe2 Rf6 26.Ba4 Nb6 27.Qxa6 Ra8 28.Qb5 
Nxa4 29.Qxa4 Qd7 30.Qc2 Raf8 31.Rfd1 Rd6 32.bxa5 Qc6 33.Rxd6 Qxd6 34.Qa4 
Qc5+ 35.Kh1 Qc6 36.Qb4 Rb8 37.Qe7+ Qd7 38.Qc5+ Kd8 39.a6 Ke8 40.h3 Rc8 41.
Qb6 Qc6 42.Qb3 Qxa6 43.Qg8+ Bf8 44.Rb1 Qf6 45.Qd5 Qd6 46.Qg8 Rxc3 47.Rb7 
Rxh3+ 48.gxh3 Qd1+ 49.Kh2 Qe2+ 50.Kg1 Qe1+ 51.Kh2 Qf2+ 52.Kh1 Qf3+ 53.Kg1 
Qg3+ 54.Kh1 Qxh3+ 55.Kg1 Qg4+ 56.Kh2 Qh4+ 57.Kg1 1/2-1/2

[Event "POL-chT3"]
[Site "Jastrzebia Gora POL"]
[Date "2015.??.??"]
[Round "2.86"]
[White "Meczynski, Waldemar"]
[Black "Kowalec, Maciej"]
[Result "0-1"]
[WhiteElo "2106"]
[BlackElo "2005"]
[EventDate "2015.??.??"]
[WhiteTitle "k"]
[BlackTitle "k"]

1.e4 g6 2.d4 Bg7 3.Nc3 c6 4.Bc4 d6 5.Be3 Nd7 6.f4 e6 7.Nf3 Ne7 8.Bd3 d5 9.
e5 h5 10.Qd2 a6 11.Bf2 b6 12.Ne2 c5 13.c3 Qc7 14.Bh4 Nf8 15.h3 Nf5 16.Bf2 
Ne7 17.Rc1 c4 18.Bb1 b5 19.Bh4 Nf5 20.Bg5 Nh7 21.Kf2 Nxg5 22.Nxg5 Bf8 23.
g4 Ng7 24.Ng3 Be7 25.Kg2 Bd7 26.Rcf1 Qd8 27.Bc2 a5 28.Bd1 h4 29.Ne2 b4 30.
Bc2 Rb8 31.Rb1 a4 32.Rhc1 b3 33.axb3 axb3 34.Bd1 Ra8 35.Ng1 Ra2 36.N1f3 
Bc6 37.Be2 Bd7 38.Bf1 Bc6 39.Re1 Bd7 40.Qf2 Bc6 41.Kh2 Ra7 42.Bg2 Kf8 43.
Re2 Kg8 44.Rf1 Be8 45.Qe1 Ra2 46.Bh1 Ra7 47.Qc1 Ra2 48.Ne1 Qa5 49.Ng2 Qd8 
50.Nf3 Bd7 51.Qe1 Ra7 52.g5 Nh5 53.Qxh4 Ra2 54.Qf2 Kg7 55.Nfe1 Qa5 56.Ne3 
Ra8 57.Ng4 Rh8 58.Nf6 Bc6 59.Qe3 Kf8 60.Nxh5 Rxh5 61.Bf3 Rh8 62.Kg3 Ra1 
63.Qf2 Qa2 64.Ng2 Rxf1 65.Qxf1 Kg7 66.Qc1 Ra8 67.Re1 Ba3 68.bxa3 b2 69.Qb1
Qxa3 70.Re2 Rb8 71.Ne3 Ba4 72.Bxd5 exd5 73.Nxd5 Qa1 74.Qe4 b1=Q 75.Qf3 Bd1
76.e6 Bxe2 77.Qxe2 Qe1+ 0-1

[Event "POL-chT3"]
[Site "Jastrzebia Gora POL"]
[Date "2015.??.??"]
[Round "2.87"]
[White "Parol, Pawel"]
[Black "Swiatnicki, Andrzej"]
[Result "1/2-1/2"]
[WhiteElo "2039"]
[BlackElo "2109"]
[EventDate "2015.??.??"]
[WhiteTitle "I++"]
[BlackTitle "k"]

1.Nf3 d5 2.c4 c6 3.e3 Nf6 4.d4 Bf5 5.Bd3 Bxd3 6.Qxd3 e6 7.O-O Bd6 8.Nc3 
O-O 9.e4 dxe4 10.Nxe4 Nxe4 11.Qxe4 Nd7 12.b3 Re8 13.Bb2 Qa5 14.Rfe1 Ba3 
15.Bxa3 Qxa3 16.Qc2 h6 17.Re3 Nf6 18.Rb1 Qd6 19.h3 Red8 20.b4 a6 21.a4 
Rac8 22.Qe2 Qc7 23.a5 Re8 24.Ra1 Rcd8 25.Rb3 Nd7 26.Re3 Qd6 27.Rb1 Qc7 28.
Ra1 Qd6 29.Qb2 Qc7 30.Rae1 Nf6 31.Rb3 Nd7 32.Ra3 Qd6 33.Rb3 Qc7 34.Qa1 Rb8
35.Ra3 Qd6 36.Qc3 Red8 37.Rb3 Qc7 38.Rc1 Re8 39.b5 c5 40.d5 Nf6 41.bxa6 
bxa6 42.Rxb8 Qxb8 43.Rd1 Rd8 44.Qc2 exd5 45.cxd5 Qc7 46.Qc4 Qxa5 47.d6 Qb5
48.Ne5 Qxc4 49.Nxc4 Ne8 50.Rd5 Kf8 51.f4 g6 52.g4 a5 53.Nxa5 Rxd6 54.Rxc5 
Rd4 55.Rc4 Rxc4 56.Nxc4 f6 57.Kf2 Ke7 58.Ke3 Nd6 59.Nxd6 Kxd6 60.Kd4 f5 
61.gxf5 gxf5 62.h4 h5 1/2-1/2

[Event "POL-chT3"]
[Site "Jastrzebia Gora POL"]
[Date "2015.??.??"]
[Round "2.88"]
[White "Walaszczyk, Witold"]
[Black "Jozwik, Jacek"]
[Result "1-0"]
[WhiteElo "2143"]
[BlackElo "2012"]
[EventDate "2015.??.??"]
[WhiteTitle "k"]
[BlackTitle "I"]

1.d4 Nf6 2.g3 d5 3.Bg2 c6 4.Nf3 Bf5 5.O-O h6 6.c4 e6 7.Nc3 Nbd7 8.b3 Be7 
9.Bb2 O-O 10.Nh4 Bh7 11.Bh3 Ne4 12.Nxe4 Bxe4 13.Ng2 Qa5 14.f3 Bh7 15.e4 
dxe4 16.d5 cxd5 17.cxd5 Nc5 18.fxe4 Nxe4 19.dxe6 Qb6+ 20.Kh1 Nf2+ 21.Rxf2 
Qxf2 22.Bd4 Qc2 23.exf7+ Kh8 24.Qf3 Rad8 25.Bxa7 Bf6 26.Re1 Rxf7 27.Bb6 
Ra8 28.a4 Rff8 29.Qxb7 Qxb3 30.a5 Bc3 31.Re7 Rf1+ 32.Bg1 Qxb7 33.Rxb7 Bd4 
34.Ne3 Bxe3 35.Bxf1 Be4+ 36.Bg2 Bxb7 37.Bxb7 Rb8 38.a6 Bxg1 39.Kxg1 1-0

[Event "POL-chT3"]
[Site "Jastrzebia Gora POL"]
[Date "2015.??.??"]
[Round "2.89"]
[White "Suliborski, Artur"]
[Black "Smolenska, Olga"]
[Result "1-0"]
[WhiteElo "1884"]
[BlackElo "1907"]
[EventDate "2015.??.??"]
[WhiteTitle "I"]
[BlackTitle "I"]

1.e4 d5 2.exd5 Nf6 3.Bb5+ Bd7 4.Bc4 c6 5.dxc6 Nxc6 6.Nf3 Bg4 7.O-O e6 8.h3
Bh5 9.c3 Bd6 10.d4 Qc7 11.Nbd2 O-O 12.g4 Bg6 13.Re1 Bf4 14.Qe2 Nd5 15.Bb5 
Rae8 16.Ne5 f5 17.f3 fxg4 18.hxg4 Be3+ 19.Kh1 Bf4 20.Bxc6 bxc6 21.c4 Nb4 
22.Nxg6 hxg6 23.Nf1 Kf7 24.Qe4 Rh8+ 25.Kg2 Bxc1 26.Rexc1 Rh6 27.Rd1 Reh8 
28.Qe5 Qe7 29.g5 Rh5 30.f4 Rh4 31.a3 Na6 32.Re1 Nc7 33.Rad1 Rb8 34.b4 Rbh8
35.d5 cxd5 36.cxd5 a5 37.d6 Qd7 38.dxc7 Qc6+ 39.Qe4 Rg4+ 40.Ng3 1-0

[Event "POL-chT3"]
[Site "Jastrzebia Gora POL"]
[Date "2015.??.??"]
[Round "2.90"]
[White "Bukowska, Katarzyna"]
[Black "Parol, Pola"]
[Result "1/2-1/2"]
[WhiteElo "1923"]
[BlackElo "1760"]
[EventDate "2015.??.??"]
[WhiteTitle "k++"]
[BlackTitle "I++"]

1.e4 c5 2.Nf3 e6 3.d4 cxd4 4.Nxd4 a6 5.Nc3 Qc7 6.Be2 Nf6 7.O-O Bb4 8.Qd3 
Nc6 9.Nxc6 bxc6 10.Bg5 Be7 11.Be3 d5 12.f4 O-O 13.Kh1 Bb7 14.exd5 cxd5 15.
Bd4 Ne4 16.Nxe4 dxe4 17.Qg3 g6 18.c4 f5 19.Rad1 Rad8 20.b3 Bc5 21.Bxc5 
Qxc5 22.Qc3 Rxd1 23.Bxd1 Rd8 24.Qf6 Qd6 25.h4 Rf8 26.Qc3 Qe7 27.h5 gxh5 
28.Qg3+ Qg7 29.Qxg7+ Kxg7 30.Bxh5 Rd8 31.Rd1 Rxd1+ 32.Bxd1 Kf6 33.Kg1 e3 
34.Kf1 Be4 35.g3 Bd3+ 36.Be2 Be4 37.b4 a5 38.a3 axb4 39.axb4 e5 40.c5 exf4
41.gxf4 Ke7 42.Ke1 Kf6 43.b5 Ke7 44.b6 Kd8 45.Ba6 Bf3 46.Bd3 h5 47.Bxf5 h4
48.Bh3 Ke7 49.Bc8 Kd8 50.Bh3 Ke7 51.Bf1 Ke6 52.Bh3+ 1/2-1/2

[Event "POL-chT3"]
[Site "Jastrzebia Gora POL"]
[Date "2015.??.??"]
[Round "2.91"]
[White "Jurkiewicz, Krzysztof"]
[Black "Rozycki, Bartlomiej"]
[Result "1/2-1/2"]
[WhiteElo "2299"]
[BlackElo "2167"]
[EventDate "2015.??.??"]
[WhiteTitle "m"]
[BlackTitle "k++"]

1.c4 e5 2.Nc3 Nf6 3.e4 g6 4.g3 d6 5.Bg2 Nc6 6.Nge2 Bg7 7.d3 h5 8.h3 Be6 9.
Bg5 Qd7 10.Nd5 Nh7 11.Be3 Ne7 12.Qd2 c6 13.Nxe7 Qxe7 14.Rc1 h4 15.g4 f5 
16.gxf5 gxf5 17.f4 Rg8 18.Bf3 exf4 19.Nxf4 Bf7 20.Kd1 fxe4 21.Bxe4 Nf6 22.
Bf3 O-O-O 23.Bxa7 Nd7 24.Be3 Rde8 25.Re1 Qf6 26.Bg4 Qxb2 27.Qxb2 Bxb2 28.
Rb1 Bc3 29.Bd2 Rxe1+ 30.Bxe1 Bxe1 31.Bxd7+ Kc7 32.Bg4 Bg3 33.Ne2 Be5 34.
Kd2 Ra8 35.Rf1 Rxa2+ 36.Ke3 Bg6 37.Nf4 Bxf4+ 38.Rxf4 Rg2 39.d4 Rg3+ 40.Kf2
Rc3 41.Be6 b5 42.cxb5 cxb5 43.Rxh4 b4 44.Rh8 Kb7 45.Bd5+ Kc7 46.Be6 Rd3 
47.Rc8+ Kb7 48.Rc4 b3 1/2-1/2

[Event "POL-chT3"]
[Site "Jastrzebia Gora POL"]
[Date "2015.??.??"]
[Round "2.92"]
[White "Chylewski, Patryk"]
[Black "Zaleski, Lukasz"]
[Result "1-0"]
[WhiteElo "2027"]
[BlackElo "2052"]
[EventDate "2015.??.??"]
[WhiteTitle "k"]
[BlackTitle "k"]

1.d4 Nf6 2.c4 e6 3.Nf3 b6 4.a3 Bb7 5.Nc3 d6 6.d5 e5 7.e4 Nbd7 8.Bd3 g6 9.
O-O Bg7 10.b4 O-O 11.Nd2 Nh5 12.Nb3 a5 13.bxa5 bxa5 14.Bc2 Qe7 15.a4 Rfb8 
16.Nb5 Nb6 17.Qe1 Nxc4 18.Qc3 Nb6 19.Qxc7 Qxc7 20.Nxc7 Ba6 21.Nxa8 Bxf1 
22.Nxb6 Be2 23.Be3 1-0

[Event "POL-chT3"]
[Site "Jastrzebia Gora POL"]
[Date "2015.??.??"]
[Round "2.93"]
[White "Bugalski, Michal"]
[Black "Praczukowski, Stanislaw"]
[Result "1-0"]
[WhiteElo "2162"]
[BlackElo "2028"]
[EventDate "2015.??.??"]
[WhiteTitle "k"]
[BlackTitle "I++"]

1.c4 Nf6 2.Nf3 g6 3.g3 Bg7 4.Bg2 O-O 5.O-O d6 6.Nc3 Nbd7 7.d4 e5 8.e3 Nh5 
9.b4 f5 10.Bb2 f4 11.exf4 exf4 12.c5 Ndf6 13.Qb3+ d5 14.Ne5 c6 15.b5 Bd7 
16.bxc6 bxc6 17.Nxd5 cxd5 18.Bxd5+ Kh8 19.Nf7+ Rxf7 20.Bxa8 Qxa8 21.Qxf7 
Bh3 22.d5 Bxf1 23.Rxf1 Qxd5 24.Qxd5 Nxd5 25.Bxg7+ Kxg7 26.Rb1 Kf6 27.Rb7 
Ng7 28.Rxa7 Ne6 29.Rxh7 Nxc5 30.Ra7 Ke5 31.Kg2 fxg3 32.fxg3 Nb4 33.h4 Nxa2
34.Rxa2 Ne6 35.Kf3 Nf8 36.Kg4 Nh7 37.Ra5+ Kf6 38.Ra6+ Kg7 39.Ra7+ Kh6 40.
Rf7 1-0

[Event "POL-chT3"]
[Site "Jastrzebia Gora POL"]
[Date "2015.??.??"]
[Round "2.94"]
[White "Kokoszczynski, Jan"]
[Black "Zielinski, Wojciech"]
[Result "0-1"]
[WhiteElo "1873"]
[BlackElo "2187"]
[EventDate "2015.??.??"]
[WhiteTitle "I++"]
[BlackTitle "I++"]

1.e4 g6 2.d4 Bg7 3.Nf3 c5 4.dxc5 Na6 5.Bxa6 bxa6 6.c3 Bb7 7.Qc2 Nf6 8.Nbd2
Qc7 9.b4 O-O 10.O-O Rac8 11.Bb2 Rfe8 12.Rfe1 Nh5 13.Rac1 d6 14.cxd6 Qxd6 
15.Nb3 Bh6 16.Nbd2 Nf4 17.Nf1 Nd3 18.Red1 Bxc1 19.Bxc1 Bxe4 20.Ng3 f5 21.
Ng5 Qe5 22.f3 Rxc3 23.Bb2 Rxc2 24.Bxe5 Nxe5 25.fxe4 f4 26.Nf1 h6 27.Ne6 f3
28.g3 Rg2+ 29.Kh1 Ng4 0-1

[Event "POL-chT3"]
[Site "Jastrzebia Gora POL"]
[Date "2015.??.??"]
[Round "2.95"]
[White "Grota, Mateusz"]
[Black "Wisniewski, Jacek"]
[Result "1/2-1/2"]
[WhiteElo "1890"]
[BlackElo "1736"]
[EventDate "2015.??.??"]
[WhiteTitle "I"]
[BlackTitle "I"]

1.e4 e5 2.Nf3 Nc6 3.d4 exd4 4.Bc4 Nf6 5.Ng5 d5 6.exd5 Qe7+ 7.Kf1 Ne5 8.
Qxd4 Nxc4 9.Qxc4 h6 10.Nf3 Qc5 11.Qe2+ Be7 12.Nc3 Nxd5 13.Nxd5 Qxd5 14.Bf4
Be6 15.Rd1 Qc5 16.Kg1 O-O 17.h3 Bf6 18.Kh2 Rfe8 19.Rhe1 Bxb2 20.Be3 Qa3 
21.Qb5 b6 22.Qc6 Qxa2 23.Qxc7 Rac8 24.Qg3 Kh8 25.Nd4 Bc3 26.Rg1 Qc4 27.Qh4
Bxd4 28.Rxd4 Qxc2 29.Rgd1 b5 30.R4d3 Bf5 31.Rd5 Be4 32.Rd7 Bg6 33.R1d2 Qc6
34.R2d6 Qc4 35.Rd4 Qe6 36.R4d6 Qe5+ 37.Bf4 Qb2 38.Rxa7 Rc2 39.Bg3 b4 40.
Rb7 b3 41.Qa4 Rce2 42.Qxb3 Qc1 43.Rd1 Qc6 44.Rb8 Bc2 45.Qd5 Qxd5 1/2-1/2

[Event "POL-chT3"]
[Site "Jastrzebia Gora POL"]
[Date "2015.??.??"]
[Round "2.96"]
[White "Olechnicka, Karolina"]
[Black "Cichocka, Urszula"]
[Result "1/2-1/2"]
[WhiteElo "1747"]
[BlackElo "1697"]
[EventDate "2015.??.??"]
[WhiteTitle "k++"]
[BlackTitle "I++"]

1.e4 c5 2.Nf3 Nc6 3.Bb5 g6 4.Bxc6 dxc6 5.d3 Bg7 6.O-O Qc7 7.Nc3 Nf6 8.Be3 
b6 9.h3 O-O 10.Qd2 e5 11.Bh6 Nh5 12.Bxg7 Kxg7 13.Ne2 h6 14.Rae1 Re8 15.Nh4
Qe7 16.Nf3 Qf6 17.Nh2 Be6 18.b3 Nf4 19.Nxf4 Qxf4 20.Qxf4 exf4 21.Nf3 Rad8 
22.Rd1 Bc8 23.Rfe1 Bb7 24.g3 fxg3 25.fxg3 Bc8 26.Kg2 Bb7 27.Re2 Kg8 28.
Rde1 Bc8 29.Nd2 Be6 30.g4 Kg7 31.Kg3 g5 32.Nf3 Bc8 33.Nd2 Be6 34.Nf3 Bc8 
35.Nd2 Be6 36.Nf3 Bc8 1/2-1/2

[Event "POL-chT3"]
[Site "Jastrzebia Gora POL"]
[Date "2015.??.??"]
[Round "2.97"]
[White "Pulik, Krzysztof"]
[Black "Maciol, Ryszard"]
[Result "1/2-1/2"]
[WhiteElo "2137"]
[BlackElo "2205"]
[EventDate "2015.??.??"]
[WhiteTitle "k"]
[BlackTitle "k"]

1.e4 e6 2.d4 d5 3.exd5 exd5 4.Bd3 Nc6 5.Ne2 Bd6 6.Nbc3 Nge7 7.Nb5 Bf5 8.c3
O-O 9.O-O Bxd3 10.Qxd3 Ng6 11.Nxd6 Qxd6 12.Bd2 Rfe8 13.f4 Na5 14.f5 Nf8 
15.Bf4 Qe7 16.Ng3 Nc4 17.b3 Nd6 18.c4 dxc4 19.bxc4 Rad8 20.Rad1 f6 21.Rf2 
Qd7 22.Qb3 Qf7 23.Rc2 c6 24.Bxd6 Rxd6 25.Qa3 Rd7 26.Qxa7 h5 27.Qa3 h4 28.
Nf1 Re4 29.Qd3 Qe8 30.Rcd2 Nh7 31.Qb3 Ng5 32.d5 cxd5 33.Rxd5 Rxd5 34.cxd5 
Qd7 35.d6+ Kh7 36.Rd5 h3 37.gxh3 Nf7 38.Qf3 Re5 39.Rxe5 Nxe5 40.Qd5 Qxf5 
41.Qxb7 Nf3+ 42.Kf2 Nxh2+ 43.Kg2 Qxf1+ 44.Kxh2 Qf4+ 45.Kg2 Qd2+ 46.Kf3 
Qd1+ 47.Ke3 Qxd6 48.Qe4+ g6 49.Qh4+ Kg7 50.a4 Qa3+ 51.Kf2 Qb2+ 52.Kf1 Qc1+
53.Kg2 Qc2+ 54.Kg1 g5 55.Qb4 f5 56.Qe7+ Kg6 57.Qe8+ Kf6 58.Qh8+ Ke6 59.
Qh6+ Ke5 60.Qxg5 Qxa4 61.Qe3+ Kf6 62.Qh6+ 1/2-1/2

[Event "POL-chT3"]
[Site "Jastrzebia Gora POL"]
[Date "2015.??.??"]
[Round "2.98"]
[White "Fudalej, Michal"]
[Black "Skomial, Mateusz"]
[Result "1-0"]
[WhiteElo "2215"]
[BlackElo "2025"]
[EventDate "2015.??.??"]
[WhiteTitle "FM"]
[BlackTitle "I++"]

1.Nf3 d5 2.g3 e6 3.Bg2 c5 4.c4 Nf6 5.b3 Nc6 6.Bb2 Be7 7.cxd5 exd5 8.d4 b6 
9.O-O O-O 10.Nc3 Bb7 11.dxc5 Bxc5 12.Nb5 Ne4 13.a3 Re8 14.b4 Be7 15.Qb3 
Qd7 16.Rfd1 Rad8 17.Rac1 a6 18.Nc3 Nxc3 19.Bxc3 Qe6 20.e3 Rd7 21.Rc2 Na7 
22.Ne5 Rc7 23.Rcd2 Bf6 24.Bxd5 Bxd5 25.Rxd5 h6 26.Bb2 Bxe5 27.Bxe5 Rd7 28.
Bb2 Red8 29.Qc3 f6 30.Rxd7 Rxd7 31.Rxd7 Qxd7 32.Qc4+ Kh7 33.Qxa6 Nb5 34.
Bd4 Nxd4 35.Qd3+ Qf5 36.Qxd4 b5 37.Kg2 Qc2 38.e4 Qe2 39.Qd5 h5 40.h3 Kh6 
41.Qf5 g6 42.Qxf6 Qxe4+ 43.Qf3 Qc2 44.Qe3+ Kh7 45.Qe8 Qc4 46.Qd7+ Kh6 47.
Kf3 Qc3+ 48.Ke2 Qe5+ 49.Kf3 Qc3+ 50.Kg2 Qc4 51.Qd2+ Kh7 52.h4 Qc6+ 53.Kh2 
Qf3 54.Qe3 Qf7 55.Kg1 Qd7 56.Qe4 Qd1+ 57.Kg2 Qd7 58.g4 Qd1 59.Qf3 Qd8 60.
Qf7+ Kh8 61.Qxg6 Qd5+ 62.Kg3 Qe5+ 63.Kf3 Qd5+ 64.Kf4 Qd4+ 65.Kf5 Qxf2+ 66.
Kg5 hxg4 67.Kxg4 Qg2+ 68.Kf5 Qd5+ 69.Kf4 Qd2+ 70.Ke5 Qe3+ 71.Qe4 Qxa3 72.
Kd6 Qc1 73.Qe5+ Kh7 74.Qh5+ Kg7 1-0

[Event "POL-chT3"]
[Site "Jastrzebia Gora POL"]
[Date "2015.??.??"]
[Round "2.99"]
[White "Kopczyk, Daniel"]
[Black "Rzepka, Krzysztof"]
[Result "1-0"]
[WhiteElo "2133"]
[BlackElo "2155"]
[EventDate "2015.??.??"]
[WhiteTitle "k"]
[BlackTitle "k"]

1.e4 c5 2.Nf3 d6 3.d4 cxd4 4.Nxd4 Nf6 5.Nc3 a6 6.Bc4 e6 7.Qe2 Nbd7 8.a4 
Qb6 9.Nb3 Ne5 10.a5 Qc7 11.Bd3 Be7 12.Be3 O-O 13.O-O Bd7 14.f4 Nxd3 15.
cxd3 Bc6 16.Rac1 Qd7 17.Nd2 d5 18.e5 d4 19.exf6 gxf6 20.Nc4 Rad8 21.Nb6 
Qe8 22.Ne4 dxe3 23.f5 Kh8 24.Qxe3 Rg8 25.Rc2 e5 26.Rf3 Rd4 27.Rc4 Rxc4 28.
Nxc4 Qd8 29.Rh3 Rg7 30.Rg3 Rxg3 31.hxg3 Bb5 32.Kh2 Qd5 33.Nc3 Qd4 34.Qxd4 
exd4 35.Nxb5 axb5 36.Nd2 Bb4 37.Nb3 h5 38.Kh3 Kh7 39.g4 Kh6 40.Nxd4 Bxa5 
41.Nxb5 Bb4 42.gxh5 Kxh5 43.g4+ Kh6 44.Kg3 Kg7 45.Kf3 Kf8 46.Ke4 Be7 47.
Kd5 b6 48.Kc6 Kg7 49.Nd4 1-0

[Event "POL-chT3"]
[Site "Jastrzebia Gora POL"]
[Date "2015.??.??"]
[Round "2.100"]
[White "Bachorczyk, Marcin"]
[Black "Wozniak, Maciej"]
[Result "0-1"]
[WhiteElo "2076"]
[BlackElo "2087"]
[EventDate "2015.??.??"]
[WhiteTitle "I"]
[BlackTitle "k"]

1.e4 c5 2.g3 d5 3.exd5 Qxd5 4.Nf3 Bg4 5.Bg2 Qe6+ 6.Kf1 Nc6 7.h3 Bh5 8.d3 
Qd7 9.Be3 e6 10.Nbd2 Rd8 11.g4 Bg6 12.Nh4 Nf6 13.Nxg6 hxg6 14.a3 Nd5 15.
Ne4 Nxe3+ 16.fxe3 Ne5 17.b4 cxb4 18.axb4 Bxb4 19.Rxa7 O-O 20.Rxb7 Qa4 21.
Qb1 Rb8 22.Nc5 Qa3 23.Ke2 Rxb7 24.Nxb7 Qc3 25.Rd1 Rc8 26.Qb3 Qxc2+ 27.Qxc2
Rxc2+ 28.Kf1 Bd2 29.Nd6 Bxe3 30.Bb7 Rf2+ 31.Ke1 Rh2 32.Nc4 Nxc4 33.dxc4 
Rxh3 34.Rd8+ Kh7 35.Ke2 Bg5 36.Rd7 Rc3 37.Rxf7 Rxc4 38.Kf3 Bf6 39.Rf8 Kh6 
40.Bc8 e5 41.Re8 Kg5 42.Bd7 Rf4+ 43.Ke3 Rb4 44.Kf3 Rd4 45.Bc8 Rd3+ 46.Ke4 
Rg3 47.Rh8 Rc3 48.Bd7 Rc4+ 49.Ke3 Be7 50.Re8 Bc5+ 51.Kf3 Rc3+ 52.Ke4 Re3+ 
53.Kd5 Rd3+ 54.Kc6 Kf4 55.Re6 g5 56.Rg6 Bf8 57.Bf5 Rd4 58.Re6 e4 59.Re8 
Bb4 0-1

[Event "POL-chT3"]
[Site "Jastrzebia Gora POL"]
[Date "2015.??.??"]
[Round "2.101"]
[White "Bielawski, Michal"]
[Black "Lozynski, Kamil"]
[Result "1/2-1/2"]
[WhiteElo "2036"]
[BlackElo "1903"]
[EventDate "2015.??.??"]
[WhiteTitle "I+"]
[BlackTitle "I"]

1.d4 e6 2.c4 c5 3.Nf3 Nf6 4.Nc3 g6 5.Bg5 h6 6.Bh4 Bg7 7.e3 Qb6 8.Qd2 cxd4 
9.Nxd4 O-O 10.Be2 Nc6 11.O-O a6 12.Rfd1 g5 13.Bg3 Nxd4 14.exd4 d5 15.c5 
Qa5 16.Nxd5 Qxd2 17.Nxf6+ Bxf6 18.Rxd2 Bd7 19.b4 Bc6 20.Bc4 Bd5 21.Bxd5 
exd5 22.Be5 Bd8 23.f3 Re8 24.Kf2 Be7 25.Rb1 Bf8 26.Rc2 Re6 27.b5 Rc8 28.
bxa6 bxa6 29.Re2 Rce8 30.Rb6 Rxe5 31.Rxe5 Rxe5 32.Rxa6 Re8 33.Ra5 Bg7 34.
Rb5 Bf6 35.a4 Kg7 36.h3 Re6 37.Kg3 Bd8 38.Rb7 Bf6 39.Rb5 Ra6 40.Kg4 Kg6 
41.f4 Bd8 42.Kf3 Rc6 43.g3 gxf4 44.gxf4 Bc7 45.Rb7 Bxf4 46.Rd7 Bg5 47.Ke2 
Re6+ 48.Kf3 Re3+ 49.Kg2 Rd3 50.Rxd5 Be3 51.c6 Bxd4 52.c7 Rc3 1/2-1/2

[Event "POL-chT3"]
[Site "Jastrzebia Gora POL"]
[Date "2015.??.??"]
[Round "2.102"]
[White "Botor, Michalina"]
[Black "Jurkiewicz, Zuzanna"]
[Result "1/2-1/2"]
[WhiteElo "1813"]
[BlackElo "1507"]
[EventDate "2015.??.??"]
[WhiteTitle "I++"]
[BlackTitle "I"]

1.c4 e5 2.Nc3 Nc6 3.g3 Bc5 4.e3 d6 5.Bg2 Nge7 6.Nge2 a6 7.O-O O-O 8.d4 
exd4 9.exd4 Ba7 10.b3 Nf5 11.d5 Ne5 12.Ne4 h6 13.Bb2 Qe8 14.Nd4 Nxd4 15.
Bxd4 Bg4 16.Qd2 f5 17.Nc3 Bxd4 18.Qxd4 Qh5 19.f4 Nf3+ 20.Bxf3 Bxf3 21.Qd3 
Bg4 22.Rae1 Rae8 23.Re6 Qf7 24.Rfe1 Bh5 25.Kf2 Kh8 26.Rxe8 Rxe8 27.Rxe8+ 
Qxe8 28.Qxf5 Bf7 29.Qe4 Qd7 30.f5 c6 31.g4 Qd8 32.Kg3 Qf6 33.Qf3 Qe5+ 34.
Kg2 cxd5 35.Nxd5 Qb2+ 36.Qf2 Bxd5+ 37.cxd5 Qe5 38.Qd2 Qe4+ 39.Kg3 Qe5+ 40.
Kf3 Qa1 41.Kg3 Qg1+ 42.Kh3 Qf1+ 43.Kh4 Qa1 44.Qe2 Qf6+ 45.Kh3 Qc3+ 46.Kh4 
Qf6+ 47.Kg3 Qc3+ 48.Kh4 Qf6+ 1/2-1/2